A faith to live by. (Record no. 5851)

000 -LEADER
fixed length control field 00681nam a2200217 a 4500
001 - CONTROL NUMBER
control field :::00003593$&:&@@
003 - CONTROL NUMBER IDENTIFIER
control field OkBaRHE
005 - DATE AND TIME OF LATEST TRANSACTION
control field 20000607103308.0
008 - FIXED-LENGTH DATA ELEMENTS--GENERAL INFORMATION
fixed length control field s1976 j 000 0 eng u
020 ## - INTERNATIONAL STANDARD BOOK NUMBER
International Standard Book Number 0882438999
040 ## - CATALOGING SOURCE
Transcribing agency
100 1# - MAIN ENTRY--PERSONAL NAME
Personal name Barney, Kenneth D.
245 12 - TITLE STATEMENT
Title A faith to live by.
260 ## - PUBLICATION, DISTRIBUTION, ETC. (IMPRINT)
Place of publication, distribution, etc Springfield, MO., :
Name of publisher, distributor, etc Gospel Publishing House
Date of publication, distribution, etc c1976
300 ## - PHYSICAL DESCRIPTION
Extent 125 p. ;
Dimensions 18 cm.
490 0# - SERIES STATEMENT
Series statement Radiant books.
650 ## - SUBJECT ADDED ENTRY--TOPICAL TERM
Topical term or geographic name as entry element Bible New Testament Ephesians
General subdivision Criticism, Interpretation, etc.
650 ## - SUBJECT ADDED ENTRY--TOPICAL TERM
Topical term or geographic name as entry element Christian Life
General subdivision 1960-
942 ## - ADDED ENTRY ELEMENTS (KOHA)
Source of classification or shelving scheme
Koha item type Books
Copies
Withdrawn status Date checked out Full call number Price effective from Koha item type Barcode Date last seen Copy number Total Renewals Not for loan Lost status Damaged status Permanent Location Shelving location Current Location Source of classification or shelving scheme Date acquired Total Checkouts
 2015-09-29BS 2695.2 .B352010-04-14Books35932018-04-0311   RHEMA Bible Training CollegeGeneral StacksRHEMA Bible Training College 2010-04-141